Air-force or Navy? - Statistics

General Stats
  • This quiz has been taken 356 times
    40 since last reset
  • The average score is 8 of 11
Answer Stats
Question Answer % Correct
Has better special forces officers (Navy SEALs and Air-force combat controllers) Navy
95%
Which came first? Navy
92%
Has Admiral as the highest rank Navy
92%
Has a better college football team Navy
87%
Has more planes Air-force
84%
Has boats Navy
74%
Has F-35s Both
68%
Has more helicopters Navy
58%
Has a bigger school Air-force
47%
Has cadet as the lowest officer rank Air-force
39%
Has F-16s Both
37%
No matching quizzes found
Score Distribution
Percent of People with Each Score
Percentile by Number Answered
Your Score History
You have not taken this quiz since the last reset